Biggest City in Each California County on a Map - Statistics

General Stats
  • This quiz has been taken 132 times
  • The average score is 27 of 58
Answers on the Map
Answers color-coded by a green-red scale on the quiz's map according to % correct below.
 
Answer Stats
Answer % Correct
Los Angeles
100%
San Diego
100%
San Francisco
98%
Oakland
96%
Sacramento
96%
Fresno
94%
San Jose
94%
San Bernardino
87%
Riverside
86%
Bakersfield
83%
Anaheim
82%
Stockton
81%
Santa Rosa
73%
Redding
70%
Eureka
69%
Modesto
67%
Santa Cruz
67%
Oxnard
65%
San Luis Obispo
65%
Napa
54%
Salinas
54%
Vallejo
51%
Chico
50%
Yuba City
50%
Merced
49%
Santa Maria
49%
Crescent City
46%
Visalia
42%
Daly City
39%
Roseville
39%
San Rafael
39%
Concord
38%
Davis
38%
El Centro
37%
Madera
36%
Yreka
33%
Susanville
31%
Mammoth Lakes
26%
Red Bluff
26%
Truckee
24%
Bishop
23%
Hollister
23%
Mariposa
23%
Hanford
21%
Ukiah
21%
Alturas
19%
Clearlake
19%
Colusa
19%
Sonora
19%
Markleeville
15%
Orland
15%
Weaverville
14%
El Dorado Hills
12%
Ione
8%
Loyalton
7%
East Quincy
6%
Rancho Calaveras
6%
Linda
4%
No matching quizzes found
Score Distribution
Percent of People with Each Score
Percentile by Number Answered
Your Score History
You have not taken this quiz